[Event "Monarch Assurance Isle of Man 8th"]
[Site "Port Erin IOM"]
[Date "1999.11.09"]
[Round "4"]
[White "Farndon, David Alexander"]
[Black "Player, Edmund"]
[Result "1-0"]
[WhiteElo "2238"]
[BlackElo "2105"]
[PlyCount "81"]
[EventDate "1999.11.06"]
[EventType "swiss"]
[EventRounds "9"]
[EventCountry "IOM"]

1. Nf3 Nf6 2. g3 g6 3. Bg2 Bg7 4. O-O O-O 5. c4 d6 6. Nc3 e5 7. d3 Nc6 8. Rb1
a5 9. a3 Nd4 10. b4 axb4 11. axb4 c6 12. b5 Bd7 13. bxc6 bxc6 14. Nxd4 exd4 15.
Ne4 Nxe4 16. Bxe4 Qc7 17. Qc2 Rfb8 18. Bf4 Be5 19. Bg5 Ra6 20. Kg2 Rab6 21.
Rfc1 c5 22. Rxb6 Rxb6 23. Ra1 Bc6 24. Bxc6 Qxc6+ 25. f3 Kg7 26. Qd2 h5 27. Qa2
Bf6 28. Bc1 Qe8 29. Kf2 Rb7 30. Qa8 Qe7 31. Qc8 Rc7 32. Qa6 Qe6 33. Qb6 Re7 34.
Ra2 Re8 35. Qb7 Qh3 36. Kg1 h4 37. Bf4 Be5 38. Bxe5+ Rxe5 39. g4 Rg5 40. Ra7
Kh6 41. Qxf7 1-0

[Event "Monarch Assurance Isle of Man 8th"]
[Site "Port Erin IOM"]
[Date "1999.11.09"]
[Round "4"]
[White "Fraser-Mitchell, Jeremy"]
[Black "Hebden, Mark"]
[Result "0-1"]
[WhiteElo "2066"]
[BlackElo "2510"]
[PlyCount "79"]
[EventDate "1999.11.06"]
[EventType "swiss"]
[EventRounds "9"]
[EventCountry "IOM"]

1. d4 Nf6 2. c4 g6 3. Nc3 Bg7 4. e4 d6 5. f3 O-O 6. Bg5 a5 7. Qd2 a4 8. Bd3 c5
9. d5 e6 10. Nge2 exd5 11. cxd5 Nbd7 12. O-O Ne5 13. Rab1 Nxd3 14. Qxd3 b6 15.
b4 axb3 16. axb3 Ba6 17. Qd2 Qc7 18. Rfc1 Rfe8 19. b4 Nd7 20. b5 Bb7 21. Nd1
Ra4 22. Ne3 Rea8 23. Nc4 Ne5 24. Nxe5 Bxe5 25. Be3 Qe7 26. Rc2 Bc8 27. Ng3 Bd7
28. Qe2 Qe8 29. f4 Bg7 30. e5 h5 31. e6 fxe6 32. dxe6 Bxe6 33. Rd2 h4 34. Nf1
d5 35. Bf2 Rxf4 36. Re1 Re4 37. Qd3 c4 38. Qf3 Rxe1 39. Bxe1 Qxb5 40. Bxh4 0-1

[Event "Monarch Assurance Isle of Man 8th"]
[Site "Port Erin IOM"]
[Date "1999.11.09"]
[Round "4"]
[White "Goodger, Martyn"]
[Black "Collins, Sam"]
[Result "1/2-1/2"]
[WhiteElo "2185"]
[BlackElo "2097"]
[PlyCount "68"]
[EventDate "1999.11.06"]
[EventType "swiss"]
[EventRounds "9"]
[EventCountry "IOM"]

1. e4 c5 2. c3 e5 3. Nf3 Nc6 4. Bc4 Qc7 5. O-O d6 6. Bb3 Nf6 7. Re1 g6 8. d3
Bg7 9. Nbd2 O-O 10. Nf1 Na5 11. Bc2 d5 12. exd5 Nxd5 13. Ng3 b6 14. d4 exd4 15.
Be4 Bb7 16. cxd4 cxd4 17. Nxd4 Rad8 18. Bg5 Nf6 19. Bxb7 Qxb7 20. Qa4 Rd5 21.
Nf3 h6 22. Bd2 Qd7 23. Qxd7 Nxd7 24. Rad1 Nc4 25. Bxh6 Rxd1 26. Rxd1 Bxh6 27.
Rxd7 Nxb2 28. Rxa7 Rd8 29. Kf1 Rd1+ 30. Ke2 Rc1 31. Nd4 Rc4 32. Nb3 Rc2+ 33.
Kf3 Nd3 34. Ne4 f5 1/2-1/2

[Event "Monarch Assurance Isle of Man 8th"]
[Site "Port Erin IOM"]
[Date "1999.11.09"]
[Round "4"]
[White "Hill, David"]
[Black "Thorfinnsson, Bjorn"]
[Result "1-0"]
[WhiteElo "2024"]
[BlackElo "2195"]
[PlyCount "81"]
[EventDate "1999.11.06"]
[EventType "swiss"]
[EventRounds "9"]
[EventCountry "IOM"]

1. d4 Nf6 2. Nf3 b6 3. c4 e6 4. Nc3 Bb4 5. Qb3 c5 6. a3 cxd4 7. Qxb4 Nc6 8. Qb3
Na5 9. Qc2 dxc3 10. Qxc3 Ba6 11. e3 Rc8 12. b3 d5 13. Nd2 dxc4 14. b4 Nb3 15.
Nxb3 cxb3 16. Qxb3 Bxf1 17. Rxf1 Ne4 18. Qd1 Qxd1+ 19. Kxd1 Ke7 20. f3 Rhd8+
21. Ke1 Nc3 22. Bd2 Rd3 23. Rc1 b5 24. e4 Rc4 25. Rf2 Na4 26. Rxc4 bxc4 27. Bc1
c3 28. Rc2 e5 29. Ke2 Rd7 30. Be3 f5 31. Bf2 fxe4 32. fxe4 Ke6 33. Be1 Rd4 34.
Ke3 Nb2 35. Bxc3 Nc4+ 36. Kf3 Rd3+ 37. Ke2 Re3+ 38. Kf2 Rxe4 39. Bb2 Ne3 40.
Kf3 Nf5 41. Re2 1-0

[Event "Monarch Assurance Isle of Man 8th"]
[Site "Port Erin IOM"]
[Date "1999.11.09"]
[Round "4"]
[White "Kristensen, Bjarke"]
[Black "McLean, John"]
[Result "1-0"]
[WhiteElo "2406"]
[BlackElo "2135"]
[PlyCount "87"]
[EventDate "1999.11.06"]
[EventType "swiss"]
[EventRounds "9"]
[EventCountry "IOM"]

1. e4 c5 2. Nf3 d6 3. d4 cxd4 4. Nxd4 Nf6 5. Nc3 g6 6. Bc4 Bg7 7. O-O O-O 8.
Re1 Nc6 9. Bb3 a6 10. Bg5 h6 11. Bh4 Qb6 12. Nf3 Nh7 13. Nd5 Qd8 14. c3 g5 15.
Bg3 e5 16. Nd2 b5 17. Nf1 Be6 18. Nfe3 Na5 19. Qf3 Nxb3 20. axb3 Nf6 21. Rad1
Nxe4 22. Qxe4 f5 23. Nxf5 Bxf5 24. Qe2 Be6 25. c4 Rb8 26. h3 Rb7 27. Ne3 Qb6
28. Rd2 Rc8 29. Red1 Bf8 30. h4 Rg7 31. hxg5 hxg5 32. Qf3 Qb7 33. Qxb7 Rxb7 34.
Rxd6 Bxd6 35. Rxd6 Re8 36. Bxe5 bxc4 37. bxc4 Rb4 38. Rxa6 Bxc4 39. Rg6+ Kf7
40. Rxg5 Bb3 41. Rg7+ Ke6 42. Bc3 Rb5 43. g4 Ra8 44. f4 1-0

[Event "Monarch Assurance Isle of Man 8th"]
[Site "Port Erin IOM"]
[Date "1999.11.09"]
[Round "4"]
[White "Lalic, Bogdan"]
[Black "Nicholson, John"]
[Result "1-0"]
[WhiteElo "2550"]
[BlackElo "2023"]
[PlyCount "30"]
[EventDate "1999.11.06"]
[EventType "swiss"]
[EventRounds "9"]
[EventCountry "IOM"]

1. c4 e5 2. Nc3 Nf6 3. Nf3 Nc6 4. e4 Bb4 5. d3 O-O 6. g3 Nd4 7. Bg2 d5 8. cxd5
c6 9. dxc6 bxc6 10. Nxe5 Qa5 11. Nc4 Bxc3+ 12. Kf1 Qc5 13. bxc3 Nb5 14. a4 Nxc3
15. Qc2 Ncxe4 1-0

[Event "Monarch Assurance Isle of Man 8th"]
[Site "Port Erin IOM"]
[Date "1999.11.09"]
[Round "4"]
[White "Maki-Uuro, Miikka"]
[Black "Benson, Paul"]
[Result "1-0"]
[WhiteElo "2363"]
[BlackElo "2067"]
[PlyCount "70"]
[EventDate "1999.11.06"]
[EventType "swiss"]
[EventRounds "9"]
[EventCountry "IOM"]

1. Nf3 f5 2. e4 fxe4 3. Ng5 d5 4. d3 Qd6 5. dxe4 h6 6. Nf3 dxe4 7. Nfd2 Nf6 8.
Nc3 Bf5 9. Qe2 Nc6 10. Qb5 e6 11. Nc4 Qb4 12. Ne5 a6 13. Nxc6 axb5 14. Nxb4
Bxb4 15. Bxb5+ c6 16. Be2 Nd5 17. Bd2 Bxc3 18. bxc3 e3 19. fxe3 Ra3 20. c4 Nxe3
21. Bxe3 Rxe3 22. Kd2 Re5 23. Rhb1 O-O 24. Rxb7 Bxc2 25. Bf3 Be4 26. Re1 Rd8+
27. Kc3 Rd3+ 28. Kb2 Rd4 29. c5 Rd2+ 30. Ka1 Rxa2+ 31. Kxa2 Bd5+ 32. Bxd5 Rxe1
33. Bxc6 e5 34. Bd5+ Kh7 35. c6 e4 1-0

[Event "Monarch Assurance Isle of Man 8th"]
[Site "Port Erin IOM"]
[Date "1999.11.09"]
[Round "4"]
[White "Naes, Flovin Tor"]
[Black "Bourne, James"]
[Result "1/2-1/2"]
[WhiteElo "2222"]
[BlackElo "2105"]
[PlyCount "106"]
[EventDate "1999.11.06"]
[EventType "swiss"]
[EventRounds "9"]
[EventCountry "IOM"]

1. e4 c6 2. d4 d5 3. exd5 cxd5 4. c4 Nf6 5. Nc3 Nc6 6. Be3 g6 7. Nf3 Bg7 8. Be2
O-O 9. O-O dxc4 10. Bxc4 Bf5 11. Re1 Rc8 12. a3 Ne4 13. Ba2 Nxc3 14. bxc3 Qa5
15. Qb3 b5 16. Bg5 h6 17. Bd2 Qb6 18. a4 a6 19. axb5 axb5 20. Bb1 Bg4 21. Bd3
Bxf3 22. gxf3 b4 23. Rab1 Qc7 24. cxb4 Nxd4 25. Qd5 Qd6 26. Qe4 Rfd8 27. Bf1 f5
28. Qd3 Qc6 29. Bg2 e5 30. b5 Qf6 31. b6 Rb8 32. Qc4+ Kh7 33. b7 Qd6 34. Bc3
Qd7 35. Qa6 f4 36. h4 Qd5 37. Re4 Rd7 38. h5 gxh5 39. Rbe1 Rdxb7 40. Bxd4 exd4
41. Bh3 Qg5+ 42. Kh2 Rb2 43. Rg1 Rxf2+ 44. Kh1 Rb1 45. Ree1 Rxe1 46. Qd3+ Kg8
47. Rxe1 Rh2+ 48. Kxh2 Qg3+ 49. Kh1 Qxe1+ 50. Bf1 Qh4+ 51. Kg1 Kh8 52. Qe4 Qg5+
53. Kh1 Qh4+ 1/2-1/2

[Event "Monarch Assurance Isle of Man 8th"]
[Site "Port Erin IOM"]
[Date "1999.11.09"]
[Round "4"]
[White "Nieminen, Kari"]
[Black "Marusenko, Petr"]
[Result "0-1"]
[WhiteElo "2230"]
[BlackElo "2406"]
[PlyCount "54"]
[EventDate "1999.11.06"]
[EventType "swiss"]
[EventRounds "9"]
[EventCountry "IOM"]

1. e4 c6 2. d4 d5 3. exd5 cxd5 4. c4 Nf6 5. Nc3 Nc6 6. Nf3 Bg4 7. cxd5 Nxd5 8.
Qb3 Bxf3 9. gxf3 Nb6 10. Be3 e6 11. Rg1 Bb4 12. O-O-O Bxc3 13. bxc3 Qf6 14. Rg3
h6 15. Bd3 O-O-O 16. Be4 Rd7 17. Rg4 Rhd8 18. h4 Nd5 19. Bd2 Rc7 20. Kb1 Na5
21. Qa4 Nc4 22. Qxa7 Nxd2+ 23. Rxd2 Nxc3+ 24. Kb2 Rd6 25. Qa8+ Kd7 26. Qf8 Rb6+
27. Ka1 Nxe4 0-1

[Event "Monarch Assurance Isle of Man 8th"]
[Site "Port Erin IOM"]
[Date "1999.11.09"]
[Round "4"]
[White "Parker, Jonathan"]
[Black "Allen, Keith"]
[Result "1-0"]
[WhiteElo "2523"]
[BlackElo "2233"]
[PlyCount "91"]
[EventDate "1999.11.06"]
[EventType "swiss"]
[EventRounds "9"]
[EventCountry "IOM"]

1. e4 e5 2. Nf3 Nc6 3. Bb5 a6 4. Ba4 Nf6 5. Qe2 Be7 6. c3 b5 7. Bc2 O-O 8. O-O
d6 9. Rd1 Bg4 10. d3 h6 11. h3 Bh5 12. Nbd2 Nh7 13. Nf1 Ng5 14. Bxg5 Bxg5 15.
Ng3 Bxf3 16. Qxf3 g6 17. a3 Qf6 18. Qe2 Nd8 19. Nf1 Ne6 20. Bb3 c6 21. Nh2 h5
22. g3 h4 23. Qg4 hxg3 24. fxg3 Be3+ 25. Kh1 Nc5 26. Ba2 Rad8 27. Rf1 Qg7 28.
Qf3 Bg5 29. h4 Be7 30. h5 gxh5 31. Qxh5 d5 32. Qe2 Rd6 33. Rf5 Nd7 34. Raf1 Rf6
35. exd5 Rxf5 36. Rxf5 cxd5 37. Bxd5 Qg6 38. Be4 Qh6 39. Qg4+ Qg7 40. Qf3 Nc5
41. Bd5 Ne6 42. Bxe6 fxe6 43. Rxf8+ Bxf8 44. Kg2 Qg5 45. Qg4 Be7 46. Qxe6+ 1-0

[Event "Monarch Assurance Isle of Man 8th"]
[Site "Port Erin IOM"]
[Date "1999.11.09"]
[Round "4"]
[White "Psakhis, Lev"]
[Black "Coleman, David"]
[Result "1-0"]
[WhiteElo "2581"]
[BlackElo "2240"]
[PlyCount "81"]
[EventDate "1999.11.06"]
[EventType "swiss"]
[EventRounds "9"]
[EventCountry "IOM"]

1. d4 Nf6 2. c4 g6 3. Nc3 Bg7 4. e4 d6 5. h3 O-O 6. Bg5 Na6 7. Bd3 e5 8. d5 Qe8
9. g4 Nd7 10. a3 f5 11. b4 Nf6 12. f3 c6 13. Qb3 cxd5 14. cxd5 Bd7 15. Bd2 Qe7
16. O-O-O Nc7 17. Kb1 b5 18. Rc1 Rfb8 19. Nge2 a5 20. Rc2 Ra7 21. Be3 Ra6 22.
Rhc1 Rba8 23. Ra2 Qd8 24. gxf5 gxf5 25. exf5 a4 26. Qd1 Nfxd5 27. Bd2 Nxc3+ 28.
Nxc3 d5 29. Qg1 Qf8 30. Qg4 Rf6 31. Ne2 Ne8 32. Ng3 Nd6 33. Rc7 Bxf5 34. Nxf5
Nxf5 35. Bxf5 Rxf5 36. Rxg7+ Qxg7 37. Qxf5 Qg1+ 38. Kc2 Qd4 39. Bh6 Qf2+ 40.
Kb1 Qe1+ 41. Bc1 1-0

[Event "Monarch Assurance Isle of Man 8th"]
[Site "Port Erin IOM"]
[Date "1999.11.09"]
[Round "4"]
[White "Rowson, Jonathan"]
[Black "McLeod, Fraser"]
[Result "1-0"]
[WhiteElo "2494"]
[BlackElo "1832"]
[PlyCount "55"]
[EventDate "1999.11.06"]
[EventType "swiss"]
[EventRounds "9"]
[EventCountry "IOM"]

1. d4 Nf6 2. c4 e6 3. Nc3 Bb4 4. e3 c5 5. Nge2 cxd4 6. exd4 d5 7. c5 Ne4 8. Bd2
Nxd2 9. Qxd2 O-O 10. a3 Bxc3 11. Nxc3 Nc6 12. Be2 Qh4 13. Rd1 f6 14. g3 Qh3 15.
Bf1 Qg4 16. Bg2 Kh8 17. Nb5 Rb8 18. h3 Qh5 19. O-O b6 20. Nd6 bxc5 21. dxc5 Ba6
22. Rfe1 Ne5 23. b4 Nf3+ 24. Bxf3 Qxf3 25. Qe3 Qh5 26. Qxe6 Bc4 27. c6 f5 28.
c7 1-0

[Event "Monarch Assurance Isle of Man 8th"]
[Site "Port Erin IOM"]
[Date "1999.11.09"]
[Round "4"]
[White "Ryan, Joe"]
[Black "Murtagh, Dermot"]
[Result "1-0"]
[WhiteElo "2280"]
[BlackElo "1791"]
[PlyCount "81"]
[EventDate "1999.11.06"]
[EventType "swiss"]
[EventRounds "9"]
[EventCountry "IOM"]

1. e4 c6 2. d4 d5 3. Nd2 dxe4 4. Nxe4 Bf5 5. Ng3 Bg6 6. Nf3 Nf6 7. Bd3 Bxd3 8.
Qxd3 e6 9. O-O c5 10. Bg5 Be7 11. dxc5 Qxd3 12. cxd3 Bxc5 13. Bxf6 gxf6 14. d4
Bd6 15. Ne4 Ke7 16. d5 Nd7 17. Rad1 Be5 18. Nxe5 fxe5 19. dxe6 Kxe6 20. Ng5+
Ke7 21. Nxf7 Rhc8 22. Rd2 Rc5 23. Nd6 a5 24. Nxb7 Rb5 25. Nd6 Rb6 26. Rfd1 Nc5
27. Nc4 Rb5 28. Rd5 Rab8 29. Nd6 Rxb2 30. Rxc5 Rxa2 31. Nc4 Rc2 32. Rxe5+ Kf6
33. Ne3 Kxe5 34. Nxc2 Rb2 35. Ne3 Ke4 36. Ra1 Rb5 37. Ra4+ Kd3 38. g3 Kc3 39.
Nc4 Kb3 40. Rxa5 Rb8 41. Ne3 1-0

[Event "Monarch Assurance Isle of Man 8th"]
[Site "Port Erin IOM"]
[Date "1999.11.09"]
[Round "4"]
[White "Shipov, Sergei"]
[Black "Daly, Colm"]
[Result "1/2-1/2"]
[WhiteElo "2658"]
[BlackElo "2378"]
[PlyCount "79"]
[EventDate "1999.11.06"]
[EventType "swiss"]
[EventRounds "9"]
[EventCountry "IOM"]

1. d4 Nf6 2. c4 e6 3. Nf3 d5 4. g3 Bb4+ 5. Bd2 Bxd2+ 6. Nbxd2 O-O 7. Bg2 Nbd7
8. O-O Qe7 9. Qc2 c5 10. e4 Nxe4 11. Nxe4 dxe4 12. Qxe4 Nf6 13. Qe5 cxd4 14.
Rad1 Bd7 15. Nxd4 Qb4 16. b3 Rab8 17. Nc2 Qe7 18. Rd6 Rfc8 19. Rfd1 Be8 20. Ne3
Qc7 21. g4 a5 22. Qd4 h6 23. h4 Nh7 24. a4 b6 25. f4 Qc5 26. g5 hxg5 27. hxg5
Nf8 28. Be4 Rc7 29. Kf2 Qxd4 30. R1xd4 Rd7 31. Ng4 Rxd6 32. Rxd6 Nd7 33. Ne5
Nc5 34. Bc2 Kf8 35. Ke3 Ke7 36. Rd2 f6 37. gxf6+ gxf6 38. Nf3 Bd7 39. Rh2 Rf8
40. Rh7+ 1/2-1/2

[Event "Monarch Assurance Isle of Man 8th"]
[Site "Port Erin IOM"]
[Date "1999.11.09"]
[Round "4"]
[White "Spanton, Timothy R"]
[Black "Giddins, Stephen W"]
[Result "0-1"]
[WhiteElo "2147"]
[BlackElo "2376"]
[PlyCount "36"]
[EventDate "1999.11.06"]
[EventType "swiss"]
[EventRounds "9"]
[EventCountry "IOM"]

1. e4 e6 2. d4 d5 3. Be3 dxe4 4. Nd2 Nf6 5. f3 Nd5 6. Qe2 Nxe3 ({The bulletin gave the move order} 6... exf3 7. Ngxf3 Nxe3 8. Qxe3 {but Steve Giddins' own record gives 6...Nxe3, etc.}) 7. Qxe3 exf3 8. Ngxf3 Be7 9. Bd3 Nd7 10. O-O O-O 11. Ne4 c5 12. Nfg5 h6 13. Nh7 Kxh7 14. Ng5+ Kg8 15. Qe4 Nf6 16. Rxf6 Qxd4+ 17. Rf2 Qxe4 18. Nxe4 f5 {Source: Steve Giddins; bulletin} 0-1

[Event "Monarch Assurance Isle of Man 8th"]
[Site "Port Erin IOM"]
[Date "1999.11.09"]
[Round "4"]
[White "Taylor, Peter"]
[Black "Jackson, Adrian"]
[Result "1-0"]
[WhiteElo "2164"]
[BlackElo "2223"]
[PlyCount "91"]
[EventDate "1999.11.06"]
[EventType "swiss"]
[EventRounds "9"]
[EventCountry "IOM"]

1. c4 Nf6 2. g3 g6 3. Bg2 Bg7 4. Nc3 O-O 5. d3 c6 6. e4 d6 7. Nge2 e5 8. O-O
Be6 9. h3 Qd7 10. Kh2 Kh8 11. f4 Ng8 12. Be3 Ne7 13. Qd2 f5 14. Rad1 Qc7 15. b3
Nd7 16. d4 fxe4 17. Nxe4 Nf5 18. Bf2 exf4 19. Nxf4 Bg8 20. g4 d5 21. gxf5 dxe4
22. Bg3 Qc8 23. fxg6 Nf6 24. Qe2 Qe8 25. gxh7 Bxh7 26. d5 cxd5 27. cxd5 Bf5 28.
Bf2 b6 29. Bd4 Rd8 30. Qf2 Qe7 31. Qg3 Nh7 32. Bxg7+ Qxg7 33. Qxg7+ Kxg7 34.
Nh5+ Kh6 35. Ng3 Bg6 36. Rxf8 Rxf8 37. Nxe4 Bxe4 38. Bxe4 Ng5 39. Bb1 Rd8 40.
d6 Nf7 41. d7 Ne5 42. Rd5 Rxd7 43. Rxe5 Rd1 44. Re6+ Kh5 45. Bg6+ Kg5 46. Rc6
1-0

[Event "Monarch Assurance Isle of Man 8th"]
[Site "Port Erin IOM"]
[Date "1999.11.09"]
[Round "4"]
[White "Thiruchelvam, Murugan"]
[Black "Longson, Alex"]
[Result "1/2-1/2"]
[WhiteElo "2072"]
[BlackElo "2169"]
[PlyCount "90"]
[EventDate "1999.11.06"]
[EventType "swiss"]
[EventRounds "9"]
[EventCountry "IOM"]

1. e4 c5 2. Nf3 d6 3. Bb5+ Bd7 4. Bxd7+ Qxd7 5. O-O Nc6 6. c3 Nf6 7. Re1 e6 8.
d3 Be7 9. Nbd2 O-O 10. Nf1 Rac8 11. Ng3 Qc7 12. Bf4 Ne5 13. Nxe5 dxe5 14. Be3
Rfd8 15. Qe2 Rd7 16. Red1 Rcd8 17. Rd2 Qc6 18. Rad1 Qa6 19. a3 Qa4 20. f4 exf4
21. Bxf4 Qb5 22. Be3 Bd6 23. Bg5 Be5 24. Bxf6 Bxf6 25. d4 Qb6 26. dxc5 Qxc5+
27. Kh1 Rxd2 28. Rxd2 Rxd2 29. Qxd2 g6 30. Qe2 Be5 31. Nf1 Bf4 32. g3 Bc1 33.
Qc2 Bg5 34. Kg2 Qc4 35. Kf2 h5 36. h4 Bh6 37. Ne3 Qc5 38. Qd3 Qb6 39. b4 Bxe3+
40. Qxe3 Qa6 41. Qc1 Qc4 42. Qc2 Kf8 43. Ke3 Qf1 44. a4 Qe1+ 45. Kf3 Qh1+
1/2-1/2

[Event "Monarch Assurance Isle of Man 8th"]
[Site "Port Erin IOM"]
[Date "1999.11.09"]
[Round "4"]
[White "Ward, Chris"]
[Black "Shneider, Aleksander"]
[Result "1-0"]
[WhiteElo "2473"]
[BlackElo "2551"]
[PlyCount "149"]
[EventDate "1999.11.06"]
[EventType "swiss"]
[EventRounds "9"]
[EventCountry "IOM"]

1. d4 Nf6 2. Bg5 d5 3. Bxf6 exf6 4. e3 f5 5. Bd3 Bd6 6. Nf3 O-O 7. O-O g6 8.
Nbd2 Nd7 9. c4 c6 10. cxd5 cxd5 11. Qb3 Nf6 12. Ne5 Qe7 13. Ndf3 Be6 14. Rfc1
Ne4 15. Bf1 g5 16. Rc2 f4 17. exf4 gxf4 18. Ne1 f6 19. N5d3 Rac8 20. f3 Ng5 21.
Nc5 Rxc5 22. dxc5 Bxc5+ 23. Kh1 Be3 24. Rd1 Nf7 25. Nd3 d4 26. Qb5 b6 27. Nb4
Nd6 28. Qh5 Nf5 29. Bc4 Bxc4 30. Rxc4 Qe5 31. Qg4+ Kh8 32. Nd3 Qb5 33. b3 Rg8
34. Qh3 Qd7 35. Rc2 Rg6 36. Nf2 Rh6 37. Qg4 Ng3+ 38. Kg1 f5 39. Qg5 Rg6 40. Qh4
d3 41. Rxd3 Ne2+ 42. Kf1 Nd4 43. Rc4 Rd6 44. Nh3 b5 45. Rcxd4 Rxd4 46. Qf6+ Kg8
47. Rxd4 Bxd4 48. Qg5+ Kf7 49. Qxf4 Bb6 50. Nf2 Kg6 51. h4 h6 52. g4 fxg4 53.
fxg4 Kg7 54. Qe5+ Kf7 55. Ke2 Qc6 56. Qe4 Qc5 57. Nd3 Qc2+ 58. Kf3 Qd1+ 59. Kf4
Bc7+ 60. Kf5 Qf1+ 61. Nf4 Bxf4 62. Qxf4 Qd3+ 63. Ke5+ Kg8 64. Kf6 Qc3+ 65. Kg6
Qg7+ 66. Kh5 Kh7 67. Qf5+ Kh8 68. Qg6 Qe5+ 69. g5 Qe1 70. Qf6+ Kg8 71. Qd8+ Kg7
72. Qd4+ Kg8 73. Kxh6 Qe7 74. Qd5+ Kf8 75. Qa8+ 1-0

[Event "Monarch Assurance Isle of Man 8th"]
[Site "Port Erin IOM"]
[Date "1999.11.09"]
[Round "4"]
[White "Winfridsson, Hakan"]
[Black "Hank, Holger"]
[Result "1-0"]
[WhiteElo "2045"]
[BlackElo "2063"]
[PlyCount "105"]
[EventDate "1999.11.06"]
[EventType "swiss"]
[EventRounds "9"]
[EventCountry "IOM"]

1. e4 e6 2. d4 d5 3. Nc3 Nf6 4. Bg5 Bb4 5. e5 h6 6. Bd2 Bxc3 7. bxc3 Ne4 8. Qg4
g6 9. Bd3 Nxd2 10. Kxd2 c5 11. f4 Qa5 12. dxc5 Qxc5 13. Ne2 Nc6 14. h4 Bd7 15.
h5 g5 16. fxg5 Nxe5 17. Qf4 Nc4+ 18. Bxc4 dxc4 19. g6 O-O-O 20. gxf7 e5 21. Qf6
Bg4+ 22. Ke1 Qe3 23. Qf2 Qd2+ 24. Kf1 Rhf8 25. Re1 Qd5 26. Kg1 Rxf7 27. Qe3
Bxe2 28. Rxe2 Rdf8 29. Qxe5 Qxe5 30. Rxe5 Rf2 31. Rh4 Rxc2 32. Rxc4+ Kd7 33.
Rd4+ Kc6 34. Re6+ Kc5 35. Rxh6 Rxc3 36. Rd7 Rc1+ 37. Kh2 Rb1 38. Rg6 Rff1 39.
Kh3 Rh1+ 40. Kg4 Rb4+ 41. Kg5 Rh2 42. g4 Rg2 43. Kf5 Rf2+ 44. Ke5 Re2+ 45. Kf6
Rxa2 46. Kg7 Rg2 47. g5 Rbg4 48. Rxb7 a5 49. Ra7 Kb4 50. Kh6 a4 51. Rb6+ Kc5
52. Rb8 Rh4 53. g6 1-0

[Event "Monarch Assurance Isle of Man 8th"]
[Site "Port Erin IOM"]
[Date "1999.11.10"]
[Round "5"]
[White "Agnos, Demetrios"]
[Black "Taylor, Peter"]
[Result "1/2-1/2"]
[WhiteElo "2456"]
[BlackElo "2164"]
[PlyCount "58"]
[EventDate "1999.11.06"]
[EventType "swiss"]
[EventRounds "9"]
[EventCountry "IOM"]

1. e4 c6 2. d4 d5 3. Nd2 dxe4 4. Nxe4 Bf5 5. Nc5 b6 6. Nb3 Nf6 7. Nf3 e6 8. g3
Nbd7 9. Bg2 Qc7 10. O-O Bd6 11. Nbd2 b5 12. h3 O-O 13. Nh4 Bg6 14. Nxg6 hxg6
15. a4 Rac8 16. c3 a6 17. Nf3 c5 18. axb5 axb5 19. dxc5 Bxc5 20. Nd4 b4 21.
cxb4 Bxb4 22. Nc6 Bc5 23. b4 Nd5 24. Ra6 Nxb4 25. Nxb4 Bxb4 26. Rc6 Qa7 27. Be3
Bc5 28. Bxc5 Nxc5 29. Qd6 Rxc6 1/2-1/2

[Event "Monarch Assurance Isle of Man 8th"]
[Site "Port Erin IOM"]
[Date "1999.11.10"]
[Round "5"]
[White "Allen, Keith"]
[Black "Goodger, Martyn"]
[Result "1-0"]
[WhiteElo "2233"]
[BlackElo "2185"]
[PlyCount "57"]
[EventDate "1999.11.06"]
[EventType "swiss"]
[EventRounds "9"]
[EventCountry "IOM"]

1. d4 f5 2. Nf3 Nf6 3. g3 g6 4. Bg2 Bg7 5. O-O O-O 6. c4 d6 7. Nc3 Nc6 8. d5
Ne5 9. Nxe5 dxe5 10. c5 h6 11. Qb3 Kh8 12. Rd1 g5 13. Bd2 a6 14. Be1 Qe8 15. d6
exd6 16. cxd6 Rf7 17. Nd5 cxd6 18. Qb6 Nxd5 19. Bxd5 Be6 20. Bxe6 Qxe6 21. Rxd6
Qc4 22. Bc3 f4 23. Rxh6+ Kg8 24. Qg6 fxg3 25. hxg3 Qxe2 26. Qh7+ Kf8 27. Bb4+
Ke8 28. Qg8+ Bf8 29. Re6+ 1-0

[Event "Monarch Assurance Isle of Man 8th"]
[Site "Port Erin IOM"]
[Date "1999.11.10"]
[Round "5"]
[White "Bourne, James"]
[Black "Winfridsson, Hakan"]
[Result "0-1"]
[WhiteElo "2105"]
[BlackElo "2045"]
[PlyCount "42"]
[EventDate "1999.11.06"]
[EventType "swiss"]
[EventRounds "9"]
[EventCountry "IOM"]

1. d4 Nf6 2. Nf3 g6 3. c4 Bg7 4. Nc3 d5 5. cxd5 Nxd5 6. Qb3 Nb6 7. e4 O-O 8.
Be3 a5 9. h4 a4 10. Qc2 Nc6 11. d5 Nb4 12. Qc1 f5 13. h5 fxe4 14. hxg6 exf3 15.
Rxh7 fxg2 16. Qd1 Nc2+ 17. Kd2 g1=Q 18. Qh5 Rxf2+ 19. Bxf2 Qxf2+ 20. Be2 Nc4+
21. Kd1 Qe1+ 0-1

[Event "Monarch Assurance Isle of Man 8th"]
[Site "Port Erin IOM"]
[Date "1999.11.10"]
[Round "5"]
[White "Collins, Sam"]
[Black "Maki-Uuro, Miikka"]
[Result "0-1"]
[WhiteElo "2097"]
[BlackElo "2363"]
[PlyCount "58"]
[EventDate "1999.11.06"]
[EventType "swiss"]
[EventRounds "9"]
[EventCountry "IOM"]

1. e4 c5 2. Nf3 d6 3. d4 cxd4 4. Nxd4 Nf6 5. Nc3 a6 6. Bc4 e6 7. Bb3 b5 8. O-O
Be7 9. Qf3 Qc7 10. Qg3 Nc6 11. Nxc6 Qxc6 12. a3 Bb7 13. Re1 O-O 14. Bh6 Ne8 15.
Rad1 Kh8 16. Bg5 Bxg5 17. Qxg5 Nf6 18. Rd3 Rad8 19. Rg3 Rg8 20. h4 a5 21. e5
dxe5 22. Rxe5 b4 23. axb4 axb4 24. Ba4 Qc7 25. Nb5 Rd1+ 26. Kh2 Qc4 27. Rd3
Ng4+ 28. Kg3 Rg1 29. f3 f6 0-1

[Event "Monarch Assurance Isle of Man 8th"]
[Site "Port Erin IOM"]
[Date "1999.11.10"]
[Round "5"]
[White "Daly, Colm"]
[Black "Lalic, Bogdan"]
[Result "0-1"]
[WhiteElo "2378"]
[BlackElo "2550"]
[PlyCount "88"]
[EventDate "1999.11.06"]
[EventType "swiss"]
[EventRounds "9"]
[EventCountry "IOM"]

1. Nf3 Nf6 2. c4 e6 3. g3 a6 4. Bg2 b5 5. b3 c5 6. O-O Bb7 7. e3 d5 8. Qe2 Nbd7
9. Bb2 Be7 10. Rc1 O-O 11. d3 Qb6 12. a4 bxc4 13. bxc4 dxc4 14. dxc4 Rab8 15.
Bc3 Ne4 16. Be1 Bf6 17. Ra2 Rfd8 18. Nfd2 Nxd2 19. Nxd2 Bxg2 20. Kxg2 Ne5 21.
Nf3 Nd3 22. Rd1 Qb3 23. Rad2 Nxe1+ 24. Qxe1 Qxc4 25. Rxd8+ Rxd8 26. Rxd8+ Bxd8
27. Qd1 Bf6 28. Qd7 g5 29. Nd2 Qd5+ 30. Qxd5 exd5 31. Kf3 c4 32. Ke2 Bc3 33.
Nf3 f6 34. g4 Kf7 35. Kd1 Ke6 36. Kc2 Be5 37. h4 h6 38. hxg5 hxg5 39. Nd2 Kd6
40. Nf3 Kc5 41. Ng1 d4 42. exd4+ Bxd4 43. Nh3 Kb4 44. f4 Be3 0-1

[Event "Monarch Assurance Isle of Man 8th"]
[Site "Port Erin IOM"]
[Date "1999.11.10"]
[Round "5"]
[White "Giddins, Stephen W"]
[Black "Hill, David"]
[Result "1-0"]
[WhiteElo "2376"]
[BlackElo "2024"]
[PlyCount "47"]
[EventDate "1999.11.06"]
[EventType "swiss"]
[EventRounds "9"]
[EventCountry "IOM"]

1. Nf3 d5 2. d4 Nf6 ({Move order} 2... e6 3. c4 Nf6 {given in the bulletin - Steve Giddins' own record has 3...Nf6, etc.}) 3. c4 e6 4. Nc3 Be7 5. Bg5 h6 6. Bh4 O-O 7. e3 b6 8. Bd3 Bb7 9. O-O Nbd7 10. Qe2 c5 11. Rfd1 Ne4 12. Bg3 cxd4 13. exd4 Nxg3 14. hxg3 dxc4 15. Bxc4 Nf6 16. Ne5 Nd5 17. Bd3 Bd6 18. Nb5 Nb4 19. Bb1 a6 20. Nxd6 Qxd6 21. a3 Nc6 22. Qd3 Rfe8 23. Nc4 Qd5 24. Nxb6 {Source: Steve Giddins} 1-0